| 000 -ლიდერი |
| ფიქსირებული სიგრძის საკონტროლო ველი |
01422nam a2200253Ia 4500 |
| 001 - საკონტროლო ნომერი |
| საკონტროლო ველი |
6231 |
| 003 - საკონტროლო ნომრის იდენტიფიკატორი |
| საკონტროლო ველი |
GE_BSU |
| 005 - ბოლო ოპერაციის თარიღი და დრო |
| საკონტროლო ველი |
20190624205336.0 |
| 008 - ფიქსირებული სიგრძის მონაცემთა ელემენტები - ზოგადი ინფორმაცია |
| ფიქსირებული სიგრძის საკონტროლო ველი |
181216s1962||||ge |||||||||||||| ||geo|| |
| 041 ## - ენის კოდი |
| Language code of text/sound track or separate title |
geo |
| 080 ## - უნივერსალური ათობითი კლასიფიკაციის ინდექსი |
| Universal Decimal Classification number |
621.313.(075.8) ვ-53 |
| 100 ## - მთავარი ჩანაწერი - პიროვნების სახელი |
| Personal name |
ვინოგრადოვი, ნ.ვ |
| 9 (RLIN) |
2854 |
| 245 ## - ცნობა სათაურის შესახებ |
| Title |
ელექტრული მანქანების დაპროექტება. ნაწ. 2 : / |
| Statement of responsibility, etc |
ნ.ვ. ვინოგრადოვი ; ფ.ა. გორიანოვი ; პ.ს სერგეევი ; რედ : მ.ა.ჯიბუტი ; მთარგმნ. შ.ა.გუგუშვილი ; დ.მ.ლოლაძე. |
| 264 ## - წარმოების, გამოცემის, დისტრიბუციის და სხვა ცნობები |
| გამოცემის, წარმოების, დისტრიბუციის... ადგილი |
თბილისი : |
| გამოცემის, წარმოების, დისტრიბუციის... სახელწოდება |
საქ. სსრ სახ. მეურნ.საბჭოს სამეურნ. სამმართველოს სტ, |
| გამოცემის, წარმოების, დისტრიბუციის... თარიღი |
1962. |
| 300 ## - ფიზიკური აღწერა |
| Extent |
495 გვ.: |
| Other physical details |
ცხრ, |
| Dimensions |
24 სმ. |
| 653 ## - INDEX TERM--UNCONTROLLED |
| Uncontrolled term |
ელექტრული მანქანები |
| 653 ## - INDEX TERM--UNCONTROLLED |
| Uncontrolled term |
ტექნიკა |
| 700 ## - ADDED ENTRY--PERSONAL NAME |
| Personal name |
გორიანოვი, ფ.ა. |
| 9 (RLIN) |
2865 |
| 700 ## - ADDED ENTRY--PERSONAL NAME |
| Personal name |
სერგეევი, პ.ს. |
| 9 (RLIN) |
2866 |
| 700 ## - ADDED ENTRY--PERSONAL NAME |
| Personal name |
ჯიბუტი, მ.ა |
| Relator term |
რედაქტორი |
| 9 (RLIN) |
2857 |
| 700 ## - ADDED ENTRY--PERSONAL NAME |
| Personal name |
გუგუშვილი, შ.ა. |
| Relator term |
მთარგმნელი |
| 9 (RLIN) |
2858 |
| 700 ## - ADDED ENTRY--PERSONAL NAME |
| Personal name |
ლოლაძე, დ.მ |
| Relator term |
მთარგმნელი |
| 9 (RLIN) |
2859 |
| 942 ## - ADDED ENTRY ELEMENTS (KOHA) |
| Koha item type |
წიგნი |
| Source of classification or shelving scheme |
|